00618nam a2200193Ia 4500003000900000008004100009020001600050040001600066080001500082245013000097260002600227300001500253490002400268650004100292650001900333650001200352700003000364700003000394IN-BaIIA211028s9999 xx 000 0 eng d a471-79203-9 cIIA Library a533bADV-3 0aAdvances in plasma physicsbvol. 3cedited by Albert Simon and William B. Thompson  aNew YorkbWileyc1969 avii, 248p. aInterscience series aAstronomy and astrophysics thesaurus aPlasma physics aPlasmas aThompson, William B., ed. aThompson, William B., ed.